Painter,Desmond (Record no. 114826)

MARC details
000 -LEADER
fixed length control field 00295nam a2200109Ia 4500
082 ## - DEWEY DECIMAL CLASSIFICATION NUMBER
Classification number 150.968 INTE
020 ## - INTERNATIONAL STANDARD BOOK NUMBER
International Standard Book Number 9781868884483"
008 - FIXED-LENGTH DATA ELEMENTS--GENERAL INFORMATION
fixed length control field 210816s9999 xx 000 0 und d
100 ## - MAIN ENTRY--PERSONAL NAME
Personal name Interior: A history of Physchology in South Africa
9 (RLIN) 30821
245 #0 - TITLE STATEMENT
Title Painter,Desmond
942 ## - ADDED ENTRY ELEMENTS
item type Books
Holdings
Withdrawn status Lost status Damaged status Not for loan Home library Current library Date acquired Cost, normal purchase price Total Checkouts Barcode Date last seen Date last checked out Price effective from item type
        Masoyi Masoyi 17.08.2021 60.00 2 33228024117051 28.10.2025 28.10.2025 17.08.2021 Books